| 000 | 00465cam a2200181ua 4500 | ||
|---|---|---|---|
| 020 | _cRs 0.50 | ||
| 041 |
_aeng _h |
||
| 082 |
_a320.58 G _bGAN/SA |
||
| 100 | _aGandhi, M K . | ||
| 245 |
_aSarvodaya : Its principles and programme / _cM K Gandhi. _hTextual Documents |
||
| 260 |
_aAhmadabad : _bNavajivan publishing house , _c1951. |
||
| 300 | _a69 ; . | ||
| 365 | _aRs 0.50 | ||
| 504 | _a | ||
| 650 | _aGandhiana | ||
| 942 | _cBK | ||
| 999 |
_c433 _d433 |
||